Statistiques concernant Capitales par deux premières lettres (avec carte).

Cliquez ici pour prendre le quiz!

Statistiques générales

  • Ce quiz a été pris 335 fois
  • Le résultat moyen est 119 sur 196

Réponses sur la Carte

Les réponses sont colorées sur une échelle allant du rouge au vert en fonction du pourcentage des utilisateurs qui les ont devinées à leur premier essai. Vous pouvez retrouver ces pourcentages ci-dessous.
 

Statistiques - réponses

Pays% Correct
La paz / Sucre
98%
Pretoria / Le Cap / Bloemfontein
97%
Yaren
97%
Le Caire
96%
Palikir
96%
Panama
96%
Paramaribo
96%
Paris
96%
Mascate
94%
Pékin
94%
Madrid
93%
Majuro
93%
Malabo
93%
Malé
93%
Managua
93%
Manama
93%
Manille
93%
Maputo
93%
Maseru
93%
Mogadiscio
93%
Monaco
93%
Monrovia
93%
Montevideo
93%
Moroni
93%
Moscou
93%
Washington
88%
Belgrade
87%
Belmopan
87%
Berlin
87%
Berne
87%
Beyrouth
87%
Brasilia
87%
Bratislava
87%
Brazzaville
87%
Bridgetown
87%
Bruxelles
87%
Canberra
87%
Caracas
87%
Castries
87%
Libreville
87%
Lilongwe
87%
Lima
87%
Lisbonne
87%
Lomé
87%
Londres
87%
Alger
84%
Mexico
84%
La valette
83%
Rome
83%
Roseau
83%
Bucarest
81%
Budapest
81%
Buenos Aires
81%
Sri Jayawardenepura Kotte / Colombo
81%
Antananarivo
80%
Saint-Domingue
78%
Saint George's
78%
Saint John's
78%
Saint-Marin
78%
Sanaa
78%
San José
78%
San Salvador
78%
Santiago
78%
Sao Tomé
78%
Sarajevo
78%
Conakry
77%
Copenhague
77%
Ottawa
77%
New Delhi
75%
Dublin
74%
Rabat
74%
Oslo
73%
Kiev
72%
Kigali
72%
Kingston
72%
Kingstown
72%
Kinshasa
72%
Tunis
72%
Bagdad
71%
Bakou
71%
Bamako
71%
Bandar Seri Begawan
71%
Bangkok
71%
Bangui
71%
Banjul
71%
Basseterre
71%
Helsinki
71%
Stockholm
70%
Vaduz
68%
Varsovie
68%
Vatican
68%
Andorre-la-Vieille
67%
Ankara
67%
La Havane
67%
Riga
65%
Riyad
65%
Tokyo
65%
Reykjavik
64%
Bogota
61%
Noursoultan
61%
Victoria
61%
Vienne
61%
Vilnius
61%
Amman
60%
Amsterdam
60%
Ljubljana
58%
Podgorica
58%
Port-au-Prince
58%
Port-d'Espagne
58%
Port-Louis
58%
Port Moresby
58%
Porto-Novo
58%
Port-Vila
58%
Dacca
56%
Dakar
56%
Damas
56%
Séoul
56%
Minsk
55%
Tachkent
54%
Taipei
54%
Tallinn
54%
Tarawa
54%
Luanda
53%
Lusaka
53%
Luxembourg
53%
Athènes
52%
Jakarta
52%
Jérusalem
52%
Ouagadougou
50%
Oulan-Bator
50%
Khartoum
48%
Tegucigalpa
48%
Téhéran
48%
Asmara
47%
Asuncion
47%
Tripoli
47%
Quito
46%
Kaboul
44%
Kampala
44%
Katmandou
44%
Niamey
44%
Nicosie
44%
Prague
44%
Praia
44%
Pristina
44%
Nairobi
42%
Nassau
42%
Naypyidaw
42%
Sofia
42%
Nouakchott
41%
Bichkek
36%
Bissau
36%
Dodoma
36%
Doha
36%
Douchanbé
36%
Hanoï
36%
Harare
36%
Abou Dabi
35%
Abuja
35%
Pyongyang
35%
Zagreb
35%
Islamabad
34%
Tirana
34%
Wellington
34%
Suva
33%
Addis-Abeba
32%
Singapour
32%
Georgetown
30%
Accra
29%
Achgabat
29%
Chișinău
29%
Guatemala
29%
Windhoek
27%
Yamoussoukro
26%
Yaoundé
26%
Phnom Penh
25%
Kuala Lumpur
24%
Ndjamena
24%
Djibouti
23%
Djouba
23%
Gaborone
23%
Koweït
22%
Erevan
21%
Nuku'alofa
20%
Dili
19%
Freetown
19%
Honiara
19%
Vientiane
19%
Skopje
17%
Thimphou
17%
Tbilissi
14%
Gitega
13%
Apia
12%
Funafuti
11%
Mbabane
9%
Ngerulmud
7%

Distribution des résultats

Percentile par nombre de réponses

% des personnes avec chaque résultat

Votre développement - résultats

Vous n’avez pas pris ce quiz